000 01186nam a22002657a 4500
001 6190
003 FISKH
005 20250325144810.0
008 250325b cb ||||| |||| 00| 0 eng d
020 _a9780733977374
040 _aFISKH
_beng
_cFISKH
_dFISKH
050 _aPZ7
082 _a910
100 _aZuylen, Sue Van
245 _aGeography focus :
_cBy Sue Van Zuylen
_bTeacher's edition /
250 _aFirst published in 2007
260 _aMelbourne :
_bPearson Australia ;
_c2007.
300 _a350 pages :
_bcolor illustrations, maps with CD ;
_c30 cm .
520 _aGeography Focus is a two-book brand-new series specifically written to provide comprehensive coverage of the Stages 4-5 New South Wales Geography syllabus. Stunning visuals, together with the most up-to-date and stimulating material, will engage and motivate students. Geography Focus 1 covers the Stage 4 Global Geography course. Geography Focus 2 is specifically written for the Stage 5 Australian Geography course"--Publisher's website.
700 _aHandley, Ray
_eAuthor
700 _aTrethewy, Glyn
_eAuthor
700 _aMcIsaac, Helen
_eAuthor
942 _2ddc
_cBK
_n0
999 _c6190
_d6190